The Boyz Alphabet Song - Statistics

General Stats
  • This quiz has been taken 20 times
    19 since last reset
  • The average score is 15 of 21
Answer Stats
Hint Answer % Correct
B Break your rules / Breaking dawn / Boy / Back 2 u / Breath to breath / Bloom bloom / Butterfly / Back all black / Bye bye bye / Brighter / B.O.Y / Bump & love / Blah blah / Bad luck / Bite back / BAd
100%
D Delicious / Door / D.D.D / Daydream / Drink it / Dancing till we drop / Don’t cry / Diamond life / Dear.
100%
N Nothing without you / No air / Nightmares / Nectar / Nothing
100%
R Reveal / Right here / Rusian roulette / Roar / Rat in the trap / Re-wind / Rose / Rock and roll
100%
T Take me back / Talk about us / The start / Text me back / Tattoo / The stealer / Thrill ride / Toxic love / Timeless / Trigger / They see me dream
100%
M Melting heart / Make or break / Maverick / Miss demeanor
91%
V VVV
91%
W Wings / Walkin’ in time / Water / White / Whiplash / Why why why / Whisper / Watch it / Winter sleep
91%
C Closer / Criss cross / Clover / Complete me / Checkmate / Christmassy! / Candles / C.O.D.E / Crying & laughter / Candle light / Cross Over
82%
G Goodbye / Gibberish / Got it / Giddy up / Get it / Going high
82%
S Shake you down / Scar / Salty / Spring snow / Skateboard / Skin / Shout it out / Square one / Summer time / Stupid sorry / Shine shine / She’s the boss / Sweet / Survive the night / Savior / Slip away / Starry night
82%
H Here is / Hypnotized / Horizon / Honey / Hurt me less
73%
L Lip sync / L.O.U / Lucid dream / Levitating / Lip gloss / Lighthouse / Last Kiss
73%
P Prism / Penalty / Passion fruit
73%
A Always together / All about you / Awake / Ain’t salty
64%
F Flag / Forever you / Fantasize / Fire eyes / Fairy tale / Feel the bass
64%
K Kiss me if you can / Keeper
55%
E Ego / Einstein / Eyes on me / Espionage / Escape
36%
I Intro / I’m your boy / Insanity
27%
O Only one / Out of control / One dance
27%
U Unbreakable sign
27%
No matching quizzes found
Score Distribution
Percent of People with Each Score
Percentile by Number Answered
Your Score History
You have not taken this quiz since the last reset